000 00306nam a22001457a 4500
003 SGT
020 _a978-1-4129-3748-1
082 _a306.8501
_bF08W
100 _aWHITE, JAMES M.
245 _aFAMILY THEORIES
250 _a3RD
260 _aLOS ANGELES
_bSAGE
_c2008
300 _a333
942 _2ddc
_cBK
999 _c18088
_d18088